ბათუმის შოთა რუსთაველის სახელმწიფო უნივერსიტეტის ბიბლიოთეკა

ილია ოქრომჭედლიშვილი : ცხოვრება და მოღვაწეობა / (ბიბ.ჩანაწერი № 60385)

000 -ლიდერი
ფიქსირებული სიგრძის საკონტროლო ველი 01006nam a22001817a 4500
003 - საკონტროლო ნომრის იდენტიფიკატორი
საკონტროლო ველი Ge_BSU
005 - ბოლო ოპერაციის თარიღი და დრო
საკონტროლო ველი 20230707160639.0
008 - ფიქსირებული სიგრძის მონაცემთა ელემენტები - ზოგადი ინფორმაცია
ფიქსირებული სიგრძის საკონტროლო ველი 230707s1976ge xxu||||| |||| 00| 0 geo d
041 ## - ენის კოდი
Language code of text/sound track or separate title geo
080 ## - უნივერსალური ათობითი კლასიფიკაციის ინდექსი
Universal Decimal Classification number 316(479.22)(092)გ-66
100 ## - მთავარი ჩანაწერი - პიროვნების სახელი
Personal name გოზალიშვილი, შალვა, ავტ.
9 (RLIN) 19202
245 ## - ცნობა სათაურის შესახებ
Title ილია ოქრომჭედლიშვილი : ცხოვრება და მოღვაწეობა /
Statement of responsibility, etc შალვა გოზალიშვილი ; [რედ. ე.მაღრაძე]
264 ## - წარმოების, გამოცემის, დისტრიბუციის და სხვა ცნობები
გამოცემის, წარმოების, დისტრიბუციის... ადგილი თბილისი :
გამოცემის, წარმოების, დისტრიბუციის... სახელწოდება საბჭ. საქართველო,
გამოცემის, წარმოების, დისტრიბუციის... თარიღი 1976.
300 ## - ფიზიკური აღწერა
Extent 157 გვ. :
Other physical details ილ. ;
Dimensions 16 სმ.
653 ## - INDEX TERM--UNCONTROLLED
Uncontrolled term საზოგადოებრივი აზრის ისტორია საქართველოში. ქართველი საზოგადო მოღვაწეები.
700 ## - ADDED ENTRY--PERSONAL NAME
Personal name მაღრაძე, ე
Relator term რედაქტორი
9 (RLIN) 19203
942 ## - ADDED ENTRY ELEMENTS (KOHA)
Source of classification or shelving scheme
Koha item type წიგნი
ეგზემპლარები
ჩამოწერის სტატუსი დაკარგული ეგზემპლარის სტატუსი კლასიფიკაციის წყარო ან თაროზე გაწყობის სქემა დაზიანების სტატუსი არ გაიცემა მუდმივი მდებარეობა (დაცვის ადგილი) ამჟამინდელი ადგილსამყოფელი თაროზე განთავსების ადგილი შეძენის თარიღი ღირებულება, შესყიდვის ნორმალური ფასი სრული შენახვის შიფრი შტრიხკოდი ბოლო ოპერაციის თარიღი ეგზემპლარის მიმდევრობითი ნომერი (კეტერი?) Uniform Resource Identifier Cost, replacement price ფასის ძალაში შესვლის თარიღი ეგზემპლარის სახეობა საჯარო შენიშვნა
          ბათუმის შოთა რუსთაველის სახელმწიფო უნივერსიტეტის მთავარი ბიბლიოთეკა ბათუმის შოთა რუსთაველის სახელმწიფო უნივერსიტეტის მთავარი ბიბლიოთეკა წიგნსაცავი 2023-07-07 5.00 316(479.22)(092)გ-62 64919 2023-07-07 64919 ბსუ-ს საპატიო დოქტორის გურამ ლორთქიფანიძის საჩუქარი 0.00 2023-07-07 წიგნი 5.00